Statistiques concernant Pays qui battent l'Islande

Cliquez ici pour prendre le quiz!

Statistiques générales

  • Ce quiz a été pris 15 619 fois
  • Le résultat moyen est 11 sur 20

Statistiques - réponses

RangCatégoriePays% Correct
4Le plus froid d'EuropeRussie | Norvège | Finlande
99%
3Commençant par "I" le plus trouvé au quiz des Pays du mondeItalie | Inde | Irlande
87%
8IDH le plus élevéSaint-Marin | Monaco | Norvège | Suisse | Australie | Irlande | Allemagne
86%
7Les plus longues côtes d'EuropeNorvège | Russie | Royaume-Uni | Grèce | Suède | Italie
82%
2Plus grande nation insulaire d'EuropeRoyaume-Uni
78%
4Pourcentage de forêts le plus faible d'EuropeVatican | Monaco | Malte
74%
4Le moins densément peupléMongolie | Russie | Namibie
70%
5Le plus de prix Nobel par habitantSainte-Lucie | Luxembourg | Suisse | Suède
62%
6Le plus de volcansIndonésie | Etats-Unis | Japon | Russie | Chili
59%
2Le plus proche du GroenlandCanada
57%
6L'éruption volcanique la plus meurtrièreIndonésie | Salvador | France | Colombie | Japon | Guatemala
56%
6Espérance de vie la plus élevéeMonaco | Japon | Singapour | Saint-Marin | Canada
48%
3Le plus protestant d'EuropeNorvège | Danemark
40%
4Le plus de touristes par habitantVatican | Andorre | Monaco
39%
4Dépenses sanitaires par habitant les plus importantesSuisse | Etats-Unis | Australie
36%
3Capitale la plus froideMongolie | Kazakhstan
34%
6Production de fromage par habitant la plus importanteNouvelle-Zélande | Danemark | République Tchèque | Pays-Bas | Irlande
28%
5Capitale la plus éloignée de toute autreAustralie | Nouvelle-Zélande | Timor Oriental | Palaos
26%
5Le plus d'utilisateurs de JetPunk par habitantRoyaume-Uni | Finlande | Nouvelle-Zélande | Irlande
20%
2Le plus d'électricité provenant de la géothermie (%)Kenya
2%

Distribution des résultats

Percentile par nombre de réponses

% des personnes avec chaque résultat

Votre développement - résultats

Vous n’avez pas pris ce quiz